Toutes les Communes de Caen la Mer sur une carte - Statistiques

Statistiques générales
  • Ce quiz a été pris 249 fois
  • Le résultat moyen est 22 sur 48
Réponses sur la Carte
Les réponses sont colorées sur une échelle allant du rouge au vert en fonction du pourcentage des utilisateurs qui les ont devinées à leur premier essai. Vous pouvez retrouver ces pourcentages ci-dessous.
 
Statistiques - réponses
Population Communes % Correct
108 200 Caen
97%
9 331 Ouistreham
93%
22 227 Hérouville-Saint-Clair
90%
11 981 Ifs
83%
10 075 Mondeville
81%
6 169 Thue et Mue
74%
4 148 Bretteville-sur-Odon
70%
3 133 Carpiquet
67%
2 521 Lion-sur-Mer
65%
5 303 Fleury-sur-Orne
63%
1 672 Épron
60%
2 646 Louvigny
57%
7 022 Colombelles
55%
2 487 Saint-Contest
55%
5 876 Blainville-sur-Orne
54%
2 339 Mathieu
52%
3 794 Verson
52%
2 016 Bénouville
51%
5 170 Cormelles-le-Royal
51%
4 844 Giberville
51%
3 738 Biéville-Beuville
49%
2 537 Colleville-Montgomery
49%
2 508 Rots
49%
3 203 Hermanville-sur-Mer
48%
2 403 Saint-Germain-la-Blanche-Herbe
42%
3 446 Troarn
40%
3 008 Démouville
38%
1 676 Authie
36%
2 433 Bourguébus
36%
2 135 Soliers
36%
1 807 Cambes-en-Plaine
35%
1 790 Saint-André-sur-Orne
33%
1 121 Saint-Aubin-d'Arquenay
33%
1 604 Éterville
31%
2 278 Cuverville
30%
1 888 Sannerville
30%
984 Grentheville
29%
2 023 Cairon
28%
1 808 Thaon
25%
1 731 Mouen
23%
574 Périers-sur-le-Dan
22%
2 078 Saint-Manvieu-Norrey
22%
1 707 Castine-en-Plaine
21%
590 Rosel
20%
815 Villons-les-Buissons
18%
1 772 Le Castelet
15%
947 Le Fresne-Camilly
15%
1 127 Tourville-sur-Odon
15%
Aucun quiz correspondant
Distribution des résultats
% des personnes avec chaque résultat
Percentile par nombre de réponses
Votre historique - résultats
Vous n’avez pas pris ce quiz